| 000 | 01754cam a2200397 i 4500 | ||
|---|---|---|---|
| 001 | 15047582 | ||
| 003 | EG-ScBUE | ||
| 005 | 20260124095332.0 | ||
| 008 | 071017s2007 enka b 001 0 eng | ||
| 020 | _a9780521877510 (hbk.) | ||
| 020 | _a9780521706940 (pbk.) | ||
| 035 | _a(OCoLC)ocn137221654 | ||
| 040 |
_aUKM _beng _erda _cUKM _dBTCTA _dBAKER _dYDXCP _dDLC _dEG-ScBUE |
||
| 082 | 0 | 4 |
_a572.860285 _222 _bMAJ |
| 100 | 1 |
_aMajoros, William H., _eauthor. |
|
| 245 | 1 | 0 |
_aMethods for Computational Gene Prediction / _cWilliam H. Majoros, Duke University. |
| 264 | 1 |
_aCambridge : _bCambridge University Press, _c2007. |
|
| 300 |
_axvii, 430 pages : _billustrations ; _c26 cm |
||
| 336 |
_2rdacontent _atext _btxt |
||
| 337 |
_aunmediated _2rdamedia _bn |
||
| 338 |
_avolume _bnc _2rdacarrier |
||
| 500 | _aforeword by Steven Salzberg | ||
| 504 | _aIncludes bibliographical references and index. | ||
| 650 | 7 |
_aGenomics _xData processing. _2BUEsh |
|
| 650 | 7 |
_aBioinformatics. _2BUEsh |
|
| 650 | 7 |
_aMolecular genetics _xData processing. _2BUEsh |
|
| 650 | 7 |
_aMolecular genetics _xData processing _vCase studies. _2BUEsh |
|
| 650 | 0 |
_aMolecular genetics _xMathematics. _2BUEsh |
|
| 650 | 0 |
_aMolecular genetics _xMathematics _vCase studies. _2BUEsh |
|
| 655 | _vReading book | ||
| 856 | 4 | 2 |
_3Publisher description _uhttp://www.loc.gov/catdir/enhancements/fy0803/2007299649-d.html |
| 856 | 4 | 1 |
_3Table of contents only _uhttp://www.loc.gov/catdir/enhancements/fy0803/2007299649-t.html |
| 856 | 4 | 2 |
_3Contributor biographical information _uhttp://www.loc.gov/catdir/enhancements/fy0803/2007299649-b.html |
| 942 |
_2ddc _cBB |
||
| 999 |
_c10632 _d10632 |
||